A manual for programme and performance budgeting / (Record no. 76706)
[ view plain ]
| 000 -LEADER | |
|---|---|
| fixed length control field | 01120cam a22003371 4500 |
| 001 - CONTROL NUMBER | |
| control field | 76706 |
| 003 - CONTROL NUMBER IDENTIFIER | |
| rucl marc code | BD-RjUL |
| 005 - DATE AND TIME OF LATEST TRANSACTION | |
| control field | 20211209082857.0 |
| 008 - FIXED-LENGTH DATA ELEMENTS--GENERAL INFORMATION | |
| fixed length control field | 721211s1965 xx 000 0 eng |
| 035 ## - SYSTEM CONTROL NUMBER | |
| System control number | (BD-RjUL) |
| System control number | (OCoLC)512059 |
| 040 ## - CATALOGING SOURCE | |
| Original cataloging agency | DLC |
| Transcribing agency | ODaWU |
| Modifying agency | Uk |
| -- | DLC |
| Language of cataloging | eng |
| 041 ## - LANGUAGE CODE | |
| Language code of text/sound track or separate title | eng |
| 042 ## - AUTHENTICATION CODE | |
| Authentication code | premarc |
| 082 ## - DEWEY DECIMAL CLASSIFICATION NUMBER | |
| Edition number | 23 |
| Classification number | 658.154 |
| Author mark and year | UNI 1965 |
| 110 2# - MAIN ENTRY--CORPORATE NAME | |
| Corporate name or jurisdiction name as entry element | United Nations. |
| Subordinate unit | Department of Economic and Social Affairs. |
| 9 (RLIN) | 237446 |
| 245 12 - TITLE STATEMENT | |
| Title | A manual for programme and performance budgeting / |
| Statement of responsibility, etc. | United Nations |
| 260 ## - PUBLICATION, DISTRIBUTION, ETC. (IMPRINT) | |
| Place of publication, distribution, etc. | New York, |
| Name of publisher, distributor, etc. | United Nations, |
| Date of publication, distribution, etc. | 1965. |
| 300 ## - PHYSICAL DESCRIPTION | |
| Pagination | 103 p.: |
| Illustrations | ill. ; |
| Size | 28 cm |
| 490 1# - SERIES STATEMENT | |
| Series statement | United Nations. Document |
| Volume/sequential designation | ST/ECA/89 |
| Series statement | United Nations. Document |
| Volume/sequential designation | ST/TAO/ser.C/75 |
| 504 ## - BIBLIOGRAPHY, ETC. NOTE | |
| Bibliography, etc | Bibliography: p. 103. |
| 650 #0 - SUBJECT ADDED ENTRY--TOPICAL TERM | |
| Topical term or geographic name as entry element | Program budgeting. |
| 9 (RLIN) | 237447 |
| 830 #0 - SERIES ADDED ENTRY--UNIFORM TITLE | |
| Uniform title | [Document] (United Nations) ; |
| Volume number/sequential designation | ST/ECA/89. |
| Uniform title | [Document] (United Nations) ; |
| Volume number/sequential designation | ST/TAO/ser.C/75. |
| 906 ## - LOCAL DATA ELEMENT F, LDF (RLIN) | |
| a | 7 |
| b | cbc |
| c | oclcrpl |
| d | u |
| e | ncip |
| f | 19 |
| g | y-gencatlg |
| 942 ## - ADDED ENTRY ELEMENTS (KOHA) | |
| Source of classification or shelving scheme | Dewey Decimal Classification |
| Koha item type | Books |
| Lost status | Source of classification or shelving scheme | Damaged status | Not for loan | Collection code | Permanent Location | Current Location | Shelving location | Date acquired | Source of acquisition | Total Checkouts | Full call number | Date last seen | Copy number | Koha item type |
|---|---|---|---|---|---|---|---|---|---|---|---|---|---|---|
| Dewey Decimal Classification | Not For Loan | Non-fiction | Central Library, University of Rajshahi | Central Library, University of Rajshahi | Reading Room | 08/06/1977 | W.U.S. | 658.154 UNI 1965 | 13/01/2020 | C-1 | Books | |||
| Dewey Decimal Classification | Non-fiction | Central Library, University of Rajshahi | Central Library, University of Rajshahi | 08/06/1977 | W.U.S. | 658.154 UNI 1965 | 13/01/2020 | C-2 | Books |